Las mujeres de la Independencia
Guardat en:
| Autor principal: | |
|---|---|
| Format: | Llibre |
| Idioma: | espanyol |
| Publicat: |
Santiago
Imprenta de La Gratitud Nacional
1910
|
| Edició: | 1a. ed |
| Matèries: | |
| Etiquetes: |
Afegir etiqueta
Sense etiquetes, Sigues el primer a etiquetar aquest registre!
|
MARC
| LEADER | 00000nam a2200000 a 4500 | ||
|---|---|---|---|
| 001 | UCJ3957 | ||
| 003 | CL-VaPUC | ||
| 008 | 070124e19100000CL |||||||||||||||||spa|d | ||
| 082 | 0 | 4 | |a Ch860 |b GRE |2 21 |
| 100 | 0 | |a Grez, Vicente |e author |9 506604 | |
| 245 | 1 | 4 | |a Las mujeres de la Independencia |
| 246 | 1 | 3 | |a La dote de una joven: Novela santiaguina |
| 246 | 1 | 0 | |a Marianita |
| 246 | 1 | 0 | |a Juicio de varios eminentes escritores sobre este libro |
| 250 | |a 1a. ed | ||
| 300 | |a pág. irreg | ||
| 942 | |c BK | ||
| 945 | |d 20070124 00:00:00 |a rinostro | ||
| 260 | |a Santiago |b Imprenta de La Gratitud Nacional |c 1910 | ||
| 500 | |a En la portada, retrato del autor | ||
| 600 | 0 | 7 | |a BECERRA, RICARDO |2 CL-VaPUC |9 506629 |
| 600 | 0 | |a Henríquez, Camilo |9 337912 | |
| 600 | 0 | 7 | |a COTAPOS DE CARRERA, ANA MARIA |2 CL-VaPUC |9 506630 |
| 600 | 0 | 7 | |a CARRERA, JAVIERA |2 CL-VaPUC |9 505194 |
| 600 | 0 | 7 | |a RECABARREN, LUISA |2 CL-VaPUC |9 506631 |
| 600 | 0 | 7 | |a MONASTERIO, AGUEDA |2 CL-VaPUC |9 506632 |
| 600 | 0 | 7 | |a ROSALES, ROSARIO |2 CL-VaPUC |9 506633 |
| 600 | 0 | 7 | |a FUENTECILLA, MERCEDES |2 CL-VaPUC |9 506634 |
| 600 | 0 | 7 | |a JARAQUEMADA, PAULA |2 CL-VaPUC |9 506635 |
| 600 | 0 | 7 | |a ROZAS, MANUELA |2 CL-VaPUC |9 506636 |
| 600 | 0 | 7 | |a OLIVARES, MARIA CORNELIA |2 CL-VaPUC |9 506637 |
| 600 | 0 | 7 | |a SOTO, CANDELARIA |2 CL-VaPUC |9 506638 |
| 600 | 0 | 7 | |a SALAS, ANTONIA |2 CL-VaPUC |9 506639 |
| 600 | 0 | 7 | |a BAÑADOS ESPINOSA, JULIO |2 CL-VaPUC |9 504616 |
| 650 | 7 | |a BIOGRAFIA |2 CL-VaPUC |9 504622 | |
| 650 | 0 | |a Novela chilena |9 307631 | |
| 650 | 0 | |a Mujeres en la historia |9 283363 | |
| 650 | 0 | |a Crítica literaria |9 269189 | |
| 650 | 0 | |a Independencia de Chile |9 440305 | |
| 650 | 0 | |a Iconografía |9 267998 | |
| 650 | 7 | |a ENSAYO CHILENO |2 CL-VaPUC |9 504137 | |
| 583 | |a last modification |c 20070124 00:00:00 |k Rodrigo Vera | ||
| 999 | |c 320075 |d 320073 | ||
| 952 | |0 0 |1 0 |4 0 |6 CH_860_000000000000000_GRE_1910 |7 0 |8 X |9 398536 |a FDOBUD |b FDOBUD |d 2019-11-22 |i 1011464 |o Ch860 GRE 1910 |p 1011464 |r 2019-11-22 |w 2019-11-22 |y BK_X |k BUD | ||